00313nam a2200109Ia 4500008004100000041000800041082001200049100005500061245005300116260000900169300002500178240624s9999 xx 000 0 und d aeng a382 COM aDIRECTORATE GENERAL OF COMMERCIAL INTELLIGENCE STA aMONTHLY STATISTICS OF FOREIGN TRADE OF INDIA I I c2001 a1088-2907 : cm. ; 27